The Walking Dead Kill Counts - Statistics

General Stats
  • This quiz has been taken 776 times
  • The average score is 3 of 10
Answer Stats
Hint Explanation Answer % Correct
1 kill (but asian) Probably would've had more if his head wasn't sludge Glenn Rhee
72%
1 kill Gotta start somewhere Judith
51%
2,600+ kills Bombed tf outta the CRM Rick Grimes
49%
52 kills Not very pacifist-like Carol Pelletier
22%
100+ kills Straight demon timing Daryl Dixon
22%
21 kills She sucks Alpha
21%
2,500+ kills Bombed tf outta the CRM Michonne
16%
55 (ish) kills What did you expect Negan Smith
15%
51 kills He went crazy in Fear The Walking Dead Morgan Jones
14%
20 kills Not too shabby The Governor
12%
No matching quizzes found
Score Distribution
Percent of People with Each Score
Percentile by Number Answered
Your Score History
You have not taken this quiz